Normal view
MARC view
- جلبي، علي عبد الرازق
Entry Personal Name
001 - CONTROL NUMBER
- control field: 52921
003 - CONTROL NUMBER IDENTIFIER
- control field: JO-AjAnu
005 - DATE AND TIME OF LATEST TRANSACTION
- control field: 20230606082709.0
008 - FIXED-LENGTH DATA ELEMENTS
- fixed length control field: 230606|| aca||aabn | a|a d
040 ## - CATALOGING SOURCE
- Original cataloging agency: JO-AjAnu
- Transcribing agency: JO-AjAnu
100 ## - HEADING--PERSONAL NAME
- Personal name: جلبي، علي عبد الرازق
670 ## - SOURCE DATA FOUND
- Source citation: Work cat.: (JO-AjAnu)27039: جلبي، علي عبد الرازق , author, قضايا علم الاجتماع المعاصر